| 000 | 00761nam a2200205 a 4500 | ||
|---|---|---|---|
| 003 | 0 | ||
| 005 | 20250623160312.0 | ||
| 008 | 021128s19uu xx 00 eng d | ||
| 050 |
_aPGS LB 1065 _b.C454 2000 |
||
| 100 | _aChanco, Ramon Miguel V. | ||
| 245 |
_aA study on time management of grade four students of Southville International School / _cRamon Miguel V. Chanco. |
||
| 260 |
_aLas PiƱas City, Philippines : _bSouthville International School and Colleges, _c2000. |
||
| 300 |
_a26 pages : _billustrations ; _c30 cm. |
||
| 504 | _aIncludes bibliographical references. | ||
| 650 | _aTime management. | ||
| 650 | _aSelf-management (Education). | ||
| 650 | _aStudy skills. | ||
| 650 |
_aElementary school student _vConduct of life. |
||
| 942 |
_2lcc _cPASS |
||
| 999 |
_c96411 _d96411 |
||